Statistiques concernant Capitales des Etats non-reconnus et Territoires du monde

Cliquez ici pour prendre le quiz!

Statistiques générales

  • Ce quiz a été pris 35 fois
  • Le résultat moyen est 14 sur 52

Statistiques - réponses

TerritoireCapitale% Correct
GibraltarGibraltar
86%
La RéunionSaint-Denis
82%
GuadeloupeBasseterre
73%
MartiniqueFort-de-France
73%
Nouvelle CalédonieNouméa
73%
MacaoMacao
68%
MayotteMamoudzou
68%
GroenlandNuuk
64%
Polynésie FrançaisePapeete
64%
Guyane FrançaiseCayenne
59%
Saint-Pierre-et-MiquelonSaint-Pierre
59%
Porto RicoSanJuan
50%
NiueAlofi
32%
Saint-EustacheOranjestad
32%
ArubaOranjestad
32%
JerseySaint-Helier
32%
TransnistrieTiraspol
27%
Îles CookAvarua
23%
Île de ManDouglas
23%
Îles CaïmansGeorgetown
23%
AscensionGeorgetown
23%
BermudesHamilton
23%
Île NorfolkKingston
23%
République Arabe Sahraouie DémocratiqueLaâyoune/Tifariti
23%
CuraçaoWillemstad
23%
GuerneseySaint-Pierre-Port
18%
Îles PitcairnAdamstown
14%
Îles Turques-et-CaïquesCockburn Town
14%
Île ChristmasFlying Fish Cove
14%
Saint-BarthélemyGustavia
14%
GuamHagåtña
14%
BonaireKralendijk
14%
Saint-MartinMarigot
14%
Samoa AmericainesPago Pago
14%
Sint MaartenPhilipsburg
14%
Îles Mariannes du NordSaipan
14%
AnguillaThe Valley
14%
Chypre du NordNicosie du Nord
9%
MontserratPlymouth/Brades
9%
Îles MalouinesPort Stanley
9%
Îles Vierges BritanniquesRoad Town
9%
Îles Vierges AmericainesCharlotte Amalie
5%
TokelauFakaofo/Atafu/Nukunonu
5%
SomalilandHargeisa
5%
Sainte-HélèneJamestown
5%
AbkhazieSoukhoumi
5%
SabaThe Bottom
5%
Ossétie du SudTskhinvali
5%
Îles Cocos (Keeling)West Island
5%
Haut-KarabaghKhankendi
0%
Wallis-et-FutunaMata Utu
0%
Tristan da CunhaReception
0%

Distribution des résultats

Percentile par nombre de réponses

% des personnes avec chaque résultat

Votre développement - résultats

Vous n’avez pas pris ce quiz